Engineering Reliabilty New Techniques and Applications (Record no. 23698)

000 -LEADER
fixed length control field 00476nam a22001217a 4500
003 - CONTROL NUMBER IDENTIFIER
control field NUST
005 - DATE AND TIME OF LATEST TRANSACTION
control field 20170606125258.0
008 - FIXED-LENGTH DATA ELEMENTS--GENERAL INFORMATION
fixed length control field 140101b xxu||||| |||| 00| 0 eng d
010 ## - LIBRARY OF CONGRESS CONTROL NUMBER
NUCMC control number 8081734
020 ## - INTERNATIONAL STANDARD BOOK NUMBER
Terms of availability Available
International Standard Book Number 0471050148
040 ## - CATALOGING SOURCE
Original cataloging agency DLC
Language of cataloging DLC
Transcribing agency RCMS
082 ## - DEWEY DECIMAL CLASSIFICATION NUMBER
Classification number 620.004 DHI
Author Mark 001060
100 ## - MAIN ENTRY--PERSONAL NAME
Personal name B.S.Dhillon C. Singh
9 (RLIN) 2082
245 ## - TITLE STATEMENT
Title Engineering Reliabilty New Techniques and Applications
Statement of responsibility, etc. Dhillon B.S
260 ## - PUBLICATION, DISTRIBUTION, ETC.
Place of publication, distribution, etc. Canada
Name of publisher, distributor, etc. John Wiley & Sons
Date of publication, distribution, etc. c.1981
300 ## - PHYSICAL DESCRIPTION
Extent xix,339,p:
Other physical details ill:
Dimensions 24,cm.
440 ## - SERIES STATEMENT/ADDED ENTRY--TITLE
Title A Voiume on the Wiley Series on Systems Engineering and Analysis,Edited by Harold Chestnut
9 (RLIN) 2083
500 ## - GENERAL NOTE
General note Includes bibliographic and index.
538 ## - SYSTEM DETAILS NOTE
Display text Shelf No 1 Row No 3
650 ## - SUBJECT ADDED ENTRY--TOPICAL TERM
General subdivision Reliability (Engineering)
9 (RLIN) 2084
856 ## - ELECTRONIC LOCATION AND ACCESS
Materials specified Table of Content Only
942 ## - ADDED ENTRY ELEMENTS (KOHA)
Source of classification or shelving scheme
Koha item type Book
Holdings
Withdrawn status Lost status Source of classification or shelving scheme Damaged status Not for loan Permanent Location Current Location Shelving location Date acquired Full call number Barcode Date last seen Price effective from Koha item type
          NUST Baluchistan Campus (NBC) NUST Baluchistan Campus (NBC) General Stacks 01/01/2014 620.004DHI RCMS001060 01/01/2014 01/01/2014 Book
© 2023 Central Library, National University of Sciences and Technology. All Rights Reserved.